00612 2200229 4500001002100000005001500021035002000036007000300056008004100059020002200100082001000122084001600132100002500148245007400173250001000247260004500257300002900302650001900331990001100350990001100361990001000372INLIS00000000000211220180724101523 a0010-0718000064ta180724 g 1 ind  a978-602-03-1263-7 a801.1 a801.1 TRI k0 aTRIYANTO, Triwikromo1 aKematian Kecil Kartosoewirjo :bSehimpun Puisi /cTriyanto Triwikromo acet.1 aJakarta :bGramedia Pustaka Utama,c2015 axiii, 110 hlm. ;c21 cm. aPUISI-KUMPULAN a16724a a16724b a15165